Восточная перспектива. Вып. 8 (Запись № 13695786)

Подробности
000 -МАРКЕР
контрольное поле 01001nam2a2200217 4500
001 - ИДЕНТИФИКАТОР ЗАПИСИ
контрольное поле RU\NLR\PER_A\010692826_000070
005 - ИДЕНТИФИКАТОР ВЕРСИИ
контрольное поле 20260426073808.0
010 ## - МЕЖДУНАРОДНЫЙ СТАНДАРТНЫЙ НОМЕР КНИГИ (ISBN)
Номер (ISBN) 978-5-6052318-7-5
035 ## - ДРУГИЕ СИСТЕМНЫЕ НОМЕРА
Идентификатор записи (NLR Aleph) 022790058
100 ## - ДАННЫЕ ОБЩЕЙ ОБРАБОТКИ
Данные общей обработки 20260420d2026 u y0rusy50 ca
101 0# - ЯЗЫК РЕСУРСА
Язык текста, звукозаписи и т.д. русский
102 ## - СТРАНА ПУБЛИКАЦИИ ИЛИ ПРОИЗВОДСТВА
Страна публикации российская федерация
200 0# - ЗАГЛАВИЕ И СВЕДЕНИЯ ОБ ОТВЕТСТВЕННОСТИ
Основное заглавие Вып. 8
210 ## - ПУБЛИКАЦИЯ, РАСПРОСТРАНЕНИЕ И ДР.
Дата издания, распространения и т.д. 2026
461 #0 - УРОВЕНЬ НАБОРА
Встроенное поле 001RU\NLR\Per\1106652
-- 2001#$aВосточная перспектива$eсборник студенческих работ$fНац. исслед. ун-т "Высш. шк. экономики", Шк. востоковед.$vВып. 8
Системный номер (АБИС) связанной записи 9692417
Место публикации Москва
Дата публикации 2014 -
Первые сведения об ответственности Нац. исслед. ун-т "Высш. шк. экономики", Шк. востоковед.
Имя издателя, распространителя и т.д. Школа востоковедения НИУ ВШЭ
Сведения, относящиеся к заглавию сборник студенческих работ
Заглавие Восточная перспектива
Номер тома Вып. 8
852 ## - МЕСТОНАХОЖДЕНИЕ И ШИФР ХРАНЕНИЯ
Идентификатор организации NLR
Шифр хранения (Call Number) П22/9723
942 ## - ДОПОЛНИТЕЛЬНЫЕ ЭЛЕМЕНТЫ ЗАПИСИ (АБИС)
Тип экземпляра АБИС Выпуск
980 ## - КОЛЛЕКЦИЯ
Название коллекции Русская периодика
980 ## - КОЛЛЕКЦИЯ
Название коллекции Национальная библиография

Нет доступных экземпляров.